Vocabulaire de psychopedagogie et de psychiatrie de l' enfant

Αποθηκεύτηκε σε:
Λεπτομέρειες βιβλιογραφικής εγγραφής
Κύριος συγγραφέας: Lafon, Robert 1905-
Μορφή: Βιβλίο
Γλώσσα:French
Δημοσίευση: Paris : Presses Universitaires de France, 1963
Θέματα:
Ετικέτες: Προσθήκη ετικέτας
Δεν υπάρχουν, Καταχωρήστε ετικέτα πρώτοι!

MARC

LEADER 00000nam a2200000 i 4500
001 1/74121
008 961127s1963 fre d
035 |a 1996  |b 3  |c Δωρεά  |l 10031709 
040 |a GR-MY-UA  |b gre  |e aacr 
041 0 |a fre 
082 0 |a 371.94 
100 1 |a Lafon, Robert  |d 1905- 
245 1 0 |a Vocabulaire de psychopedagogie et de psychiatrie de l' enfant /  |c Robert Lafon 
260 |a Paris :   |b Presses Universitaires de France,   |c 1963 
300 |a 603 p. 
650 0 0 |a Child psychiatry  |x Dictionaries  |z French. 
650 0 0 |a Educational psychology  |x Dictionaries  |z French. 
852 |a INST  |b RHODES  |e 19961127  |h 371.94 LAF  |p 005400006904  |q 005400006904  |t REF  |y 23 
909 |a Ρ  |b 042986  |c 1996 
970 |z 2000/08/ΔΕΜΕΝΑΓΑΣ ΠΕΤΡΟΣ